FAO economic and social development series N.43 Commodity review and outlook 1986 - 1987

Salvato in:
Dettagli Bibliografici
Autore principale: FAO
Natura: Libro
Lingua:Undetermined
Pubblicazione: Rome FAO 1987
Soggetti:
Tags: Aggiungi Tag
Nessun Tag, puoi essere il primo ad aggiungerne! !
Thư viện lưu trữ: Trung tâm Học liệu Trường Đại học Cần Thơ
LEADER 00578nam a2200193Ia 4500
001 CTU_3648
008 210402s9999 xx 000 0 und d
082 |a 330 
082 |b S487/N.43 
100 |a FAO 
245 0 |a FAO economic and social development series N.43 
245 0 |b Commodity review and outlook 1986 - 1987 
245 0 |c FAO 
260 |a Rome 
260 |b FAO 
260 |c 1987 
650 |a commercial products,economics,forecasting,production,trade 
904 |i Nguyễn Quang Điền, 960530 
980 |a Trung tâm Học liệu Trường Đại học Cần Thơ